000 00584nam a2200241Ia 4500
003 OSt
005 20221007101714.0
006 a|||||r|||| 00| 0
007 ta
008 221006b |||||||| |||| 00| 0 eng d
024 _a7,351
037 _cTextual
040 _aLCO
_cLCO
_beng
041 _2eng
_aeng
082 _aZm2,N65, K5
245 0 _aALL INDIA REPORTER, 1965, Allahabad, Andhra Pradesh
260 _aNagpur
_bAIR
_c1965
300 _a1178
490 _v52
650 _aAIR
942 _hZm2,N65, K5
_cTEXL
999 _c1176914
_d1176914